[Event "Olympiad-44"]
[Site "Chennai"]
[Date "2022.08.09"]
[Round "11.1"]
[White "Shawabke, Ziyad"]
[Black "Dos Reis, Tito"]
[Result "1-0"]
[WhiteElo "1786"]
[BlackElo "1658"]
[PlyCount "93"]
[EventDate "2022.07.29"]
[EventType "team-swiss"]
[EventRounds "11"]
[EventCountry "IND"]
[SourceTitle "CBM 210"]
[Source "ChessBase"]
[SourceDate "2022.10.31"]
[SourceVersion "1"]
[SourceVersionDate "2022.10.31"]
[SourceQuality "1"]
[WhiteTeam "Palestine"]
[BlackTeam "Timor Leste"]
[WhiteTeamCountry "PLE"]

1. c4 d6 2. d4 Nf6 3. Nc3 c6 4. e4 Qa5 5. Bd3 h6 6. Nge2 Bg4 7. f3 Bc8 8. Be3 Nbd7 9. Qd2 e5 10. d5 Be7 11. 0-0 a6 12. a3 c5 13. Rfb1 Qd8 14. b4 b6 15. Bc2 Nf8 16. Ba4+ Bd7 17. Bxd7+ N8xd7 18. bxc5 bxc5 19. Qc2 0-0 20. Bd2 Nh5 21. a4 Qc8 22. a5 Rb8 23. Rxb8 Qxb8 24. Qa4 Nhf6 25. Qc6 Rc8 26. Qxa6 Qa8 27. Qb5 Qa7 28. Qa4 Bd8 29. Nb5 Qa6 30. Ng3 Kf8 31. Nf5 Ne8 32. Nbxd6 Nxd6 33. Qxd7 Nxc4 34. Bc3 Bg5 35. Rb1 Ra8 36. Rb7 Qg6 37. a6 Rd8 38. Qb5 Ne3 39. Qxc5+ Kg8 40. Rb6 Qh5 41. Nxe3 Bf4 42. Nf1 g5 43. a7 g4 44. fxg4 Qxg4 45. Rb8 Rxb8 46. axb8Q+ Kh7 47. Bxe5 1-0

[Event "Olympiad-44"]
[Site "Chennai"]
[Date "2022.08.08"]
[Round "10.1"]
[White "De Gondo, Simplice Armel"]
[Black "Shawabke, Ziyad"]
[Result "1-0"]
[WhiteElo "2135"]
[BlackElo "1786"]
[PlyCount "101"]
[EventDate "2022.07.29"]
[EventType "team-swiss"]
[EventRounds "11"]
[EventCountry "IND"]
[SourceTitle "CBM 210"]
[Source "ChessBase"]
[SourceDate "2022.10.31"]
[SourceVersion "1"]
[SourceVersionDate "2022.10.31"]
[SourceQuality "1"]
[WhiteTeam "Ivory Coast"]
[BlackTeam "Palestine"]
[WhiteTeamCountry "IVO"]
[BlackTeamCountry "PLE"]

1. d4 Nf6 2. Nf3 d5 3. e3 c5 4. c3 e6 5. Nbd2 Nc6 6. Bd3 Bd6 7. 0-0 0-0 8. Qe2 b6 9. e4 dxe4 10. Nxe4 Bb7 11. Nxf6+ gxf6 12. Bh6 Re8 13. dxc5 bxc5 14. Rad1 Ne7 15. Bb5 Qc7 16. Bxe8 Rxe8 17. h3 Kh8 18. Rd2 Rg8 19. Rfd1 Nf5 20. Rxd6 Nxd6 21. Bf4 Qc6 22. Rxd6 Qxf3 23. Qxf3 Bxf3 24. Bg3 Bd5 25. b3 c4 26. b4 h5 27. h4 Kg7 28. Rd7 Ra8 29. f3 Kf8 30. Bd6+ Kg7 31. b5 e5 32. Bc5 Be6 33. Rxa7 Rxa7 34. Bxa7 Kf8 35. Bc5+ Ke8 36. Kf2 Kd7 37. Ke3 Bd5 38. g4 Ke6 39. gxh5 Kf5 40. a4 Be6 41. Bf8 Bd5 42. Bg7 Be6 43. h6 Kg6 44. h5+ Kh7 45. Bxf6 Kxh6 46. Bxe5 Kxh5 47. b6 Bd5 48. f4 Bb7 49. Kd4 Kg6 50. Kxc4 f6 51. Bc7 1-0

[Event "Olympiad-44"]
[Site "Chennai"]
[Date "2022.08.03"]
[Round "6.1"]
[White "Cilia Vincenti, David"]
[Black "Shawabke, Ziyad"]
[Result "1/2-1/2"]
[WhiteElo "1904"]
[BlackElo "1786"]
[PlyCount "118"]
[EventDate "2022.07.29"]
[EventType "team-swiss"]
[EventRounds "11"]
[EventCountry "IND"]
[SourceTitle "CBM 210"]
[Source "ChessBase"]
[SourceDate "2022.10.31"]
[SourceVersion "1"]
[SourceVersionDate "2022.10.31"]
[SourceQuality "1"]
[WhiteTeam "Malta"]
[BlackTeam "Palestine"]
[WhiteTeamCountry "MLT"]
[BlackTeamCountry "PLE"]

1. d4 Nf6 2. Nf3 d5 3. e3 c5 4. Nbd2 cxd4 5. exd4 Bf5 6. Bb5+ Nbd7 7. 0-0 a6 8. Be2 Qc7 9. c3 e6 10. Nh4 Bd6 11. g3 Bh3 12. Re1 g5 13. Ng2 Bxg2 14. Kxg2 h5 15. Nf3 g4 16. Nh4 Ne4 17. Bd3 f5 18. Ng6 Rh7 19. Nf4 Kf7 20. c4 Ndf6 21. Qb3 Bxf4 22. Bxf4 dxc4 23. Bxc4 Qc6 24. Kg1 b5 25. Bf1 Qd5 26. Qxd5 Nxd5 27. Be5 Nef6 28. Rec1 Nd7 29. Bd6 Rhh8 30. Rc6 Rhc8 31. Rac1 N7b6 32. Bc7 Ke7 33. Bxb6 Nxb6 34. Bg2 Kd7 35. b3 Nd5 36. Bxd5 exd5 37. R6c5 Rxc5 38. Rxc5 Kd6 39. a4 b4 40. Ra5 Ra7 41. Kf1 Ra8 42. Ke2 Re8+ 43. Kd3 Ra8 44. Ke3 Re8+ 45. Kf4 Re4+ 46. Kxf5 Rxd4 47. Rxa6+ Kc7 48. Ra5 Rd3 49. Kg5 Kc6 50. Kxh5 Rxb3 51. Kxg4 Ra3 52. Kf5 Rf3+ 53. Ke5 Rxf2 54. Rb5 Rxh2 55. Rxb4 Kc5 56. Rb8 Re2+ 57. Kf5 Rf2+ 58. Ke5 Re2+ 59. Kf5 Rf2+ 1/2-1/2

[Event "Olympiad-44"]
[Site "Chennai"]
[Date "2022.07.29"]
[Round "1.1"]
[White "Shawabke, Ziyad"]
[Black "Bachmann, Axel"]
[Result "0-1"]
[WhiteElo "1786"]
[BlackElo "2588"]
[PlyCount "62"]
[EventDate "2022.07.29"]
[EventType "team-swiss"]
[EventRounds "11"]
[EventCountry "IND"]
[SourceTitle "CBM 210"]
[Source "ChessBase"]
[SourceDate "2022.10.31"]
[SourceVersion "1"]
[SourceVersionDate "2022.10.31"]
[SourceQuality "1"]
[WhiteTeam "Palestine"]
[BlackTeam "Paraguay"]
[WhiteTeamCountry "PLE"]
[BlackTeamCountry "PAR"]

1. Nf3 Nf6 2. c4 e6 3. e3 b6 4. b3 Bb7 5. Bb2 d5 6. Nc3 a6 7. cxd5 exd5 8. d4 Bd6 9. Bd3 Nbd7 10. 0-0 0-0 11. Ne2 Qe7 12. Ng3 g6 13. Qc2 Ne4 14. Bxe4 dxe4 15. Nd2 f5 16. Nc4 Bd5 17. Nxd6 Qxd6 18. Rac1 c6 19. Ne2 Nf6 20. Nc3 Rac8 21. Qe2 b5 22. Nxd5 Nxd5 23. a3 Qe6 24. Rfe1 Rce8 25. g3 Rf6 26. Rc5 Qf7 27. Rec1 Ree6 28. Qc2 g5 29. Rxc6 Rxc6 30. Qxc6 Rxc6 31. Rxc6 Qh5 0-1

[Event "Arab Clubs-chT"]
[Site "Sharjah"]
[Date "2018.02.08"]
[Round "4.3"]
[White "Omar, Noaman"]
[Black "Shawabke, Ziyad"]
[Result "1-0"]
[WhiteElo "2364"]
[BlackElo "1841"]
[PlyCount "85"]
[EventDate "2018.02.06"]
[EventType "team-tourn"]
[EventRounds "9"]
[EventCountry "UAE"]
[SourceTitle "CBM 182 Extra"]
[Source "ChessBase"]
[SourceDate "2018.02.23"]
[SourceVersion "1"]
[SourceVersionDate "2018.02.23"]
[SourceQuality "1"]
[WhiteTeam "Sharjah"]
[BlackTeam "Al Quds"]
[WhiteTeamCountry "UAE"]
[BlackTeamCountry "PLE"]

1. d4 Nf6 2. c4 g6 3. Nc3 Bg7 4. e4 d6 5. h3 0-0 6. Nf3 e5 7. d5 Na6 8. Bg5 Qe8 9. Nd2 Nh5 10. g3 f5 11. exf5 gxf5 12. Be2 Nf6 13. Qc2 Bd7 14. g4 Qg6 15. Bxf6 Rxf6 16. 0-0-0 Qh6 17. a3 c6 18. Kb1 Nc7 19. Nf3 Qf4 20. Nh4 Qxf2 21. Nxf5 Bxf5 22. gxf5 Qxf5 23. Ne4 Rh6 24. dxc6 bxc6 25. Nxd6 Qxc2+ 26. Kxc2 Ne6 27. Nf5 Nd4+ 28. Rxd4 exd4 29. Nxh6+ Bxh6 30. Bf3 Rc8 31. c5 Be3 32. Kd3 Kf7 33. Rf1 Ke7 34. Be4 h6 35. b4 a5 36. Kc4 axb4 37. axb4 Rc7 38. Ra1 Kd7 39. Ra2 Ke7 40. Rg2 Ke8 41. Rg6 Kd7 42. Rd6+ Kc8 43. Bxc6 1-0